=LDR 00000nam 2200000 4500 =001 INLIS000000000005219 =005 20130612093455 =008 ***********************************Ind** =035 ##$$0010-061300000005219 =041 ##$$a Ind =082 ##$$a 911 =090 ##$$a 911, Abd k =100 ##$$a ABDURRAHMAN, K =245 ##$$a Knowing countries and English reader, K. Abdurrahman =260 ##$$a 1976 $b Jakarta =300 ##$$a vi, 100 hlm., 20 cm =650 ##$$a Geografi =850 ##$$a NBPNMAT